Atlas of bladder pathology
Đã lưu trong:
| 主要作者: | |
|---|---|
| 格式: | 圖書 |
| 語言: | Undetermined |
| 出版: |
New York
Igaku-Shoin
1990
|
| 主題: | |
| 標簽: |
添加標簽
沒有標簽, 成為第一個標記此記錄!
|
| Thư viện lưu trữ: | Trung tâm Học liệu Trường Đại học Cần Thơ |
|---|
| LEADER | 00542nam a2200193Ia 4500 | ||
|---|---|---|---|
| 001 | CTU_127356 | ||
| 008 | 210402s9999 xx 000 0 und d | ||
| 082 | |a 616.6207 | ||
| 082 | |b B797 | ||
| 100 | |a Bracken, R. Bruce | ||
| 245 | 0 | |a Atlas of bladder pathology | |
| 245 | 0 | |c R. Bruce Bracken, Bruce Mackay | |
| 260 | |a New York | ||
| 260 | |b Igaku-Shoin | ||
| 260 | |c 1990 | ||
| 650 | |a Cystoscopy,Bladder | ||
| 650 | |x Atlases,Diseases |,Diagnosis,Atlases | ||
| 904 | |i Nguyên | ||
| 980 | |a Trung tâm Học liệu Trường Đại học Cần Thơ | ||